| 000 | 006550000a22001930004500 | ||
|---|---|---|---|
| 090 |
_aAR _b03444 |
||
| 245 | 1 | 0 | _aAndean forest fragmentation and the representative ness of protected natural areas in the eastern Andes, Colombia |
| 650 | 1 | 4 |
_aPrioridades de conservación _96993 |
| 650 | 1 | 4 |
_aAreas protegidas _978 |
| 650 | 1 | 4 |
_aFragmentación del Bosque _995043 |
| 650 | 1 | 4 |
_aEcosistemas andinos _997058 |
| 651 | 4 |
_pColombia _992749 |
|
| 041 | 0 | _aInglés | |
| 700 | 1 |
_aGast, Fernando _94240 |
|
| 700 | 1 |
_aVillareal, Héctor _997059 |
|
| 100 | 1 |
_aArmenteras, Dolors _92694 |
|
| 942 |
_cARTICULO _02 |
||
| 773 | 1 |
_tBiological Conservation _h113 _q245-256 _d2003 |
|
| 999 |
_c12495 _d12495 |
||